Score 0/20 Timer 04:00
0 Plays Today
Year: Notable Name Title % Correct
1989: Charlie SheenMajor League
90.7%
1973: Ryan O'NealPaper Moon
89.2%
2002: Jennifer LopezMaid in Manhattan
87.4%
2009: Paul RuddI Love You, Man
87%
1990: Tom HanksJoe Versus the Volcano
80%
1986: Christian BaleEmpire of the Sun
79.6%
1998: Tom HanksSaving Private Ryan
77.9%
2001: Julia StilesSave the Last Dance
76.8%
2002: AaliyahQueen of the Damned
76%
1942: Gary CooperPride of the Yankees
75.1%
Year: Notable Name Title % Correct
2000: Samuel L. JacksonRules of Engagement
72.5%
2006: Aaron EckhartThank You for Smoking
71.4%
1998: George ClooneyOut of Sight
71.1%
1958: Paul NewmanCat on a Hot Tin Roof
69.9%
2007: Cuba Gooding Jr. Daddy Day Camp
68.7%
1973: Donald SutherlandDon't Look Now
62.6%
1991: Gong LiRaise the Red Lantern
60.7%
1986: Mia FarrowHannah and Her Sisters
57.3%
1973: Malcolm McDowellO Lucky Man!
36.5%
1942: Noel CowardIn Which We Serve
28.9%
Remove Ads.
Support Sporcle.
Get the best of Sporcle when you Go Orange. This ad-free experience offers more features, more stats, and more fun while also helping to support Sporcle. Thank you for becoming a member.

You're not logged in!

Compare scores with friends on all Sporcle quizzes.
OR
Log In

Show Comments

Extras

Top Quizzes Today


Score Distribution

Your Account Isn't Verified!

In order to create a playlist on Sporcle, you need to verify the email address you used during registration. Go to your Sporcle Settings to finish the process.

Report this User

Report this user for behavior that violates our Community Guidelines.

Details: